| 000 | 00501nam a22002057a 4500 | ||
|---|---|---|---|
| 003 | OSt | ||
| 005 | 20140310182827.0 | ||
| 008 | 130529t xxu||||| |||| 00| 0 eng d | ||
| 020 | _a0892830972 | ||
| 050 |
_aBJ 98 _b.W746 1981 |
||
| 082 |
_aM 248.4 _bW69 1981 |
||
| 245 |
_aSons & Daughters of God _cWilson, Ken |
||
| 260 |
_aMichigan _bServant Books _c1981 |
||
| 300 |
_a75 p. _c17 cm |
||
| 521 | _aCollege | ||
| 526 | _c1210L-1700L | ||
| 541 | _j1 | ||
| 562 | _e1 | ||
| 942 |
_2lcc _cBK _kM |
||
| 999 |
_c16516 _d16516 |
||